000 00433nam a2200205Ia 4500
001 004066
003 YMCAF
005 20230512160244.0
008 100717s1971 ||||||||||||||||| ||und|d
024 _a4066
035 _a4070
040 _aYMCAF
_beng
_cIN-KoLT
041 _aeng
082 _aBAS-BOU
100 _aBOUR BOUSSON P.
245 0 _aBASIC ENGG. CRAFT STUDIES
260 _c1971
300 _a174
942 _2ddc
_cBK
999 _c3242
_d3242